00868cam a22002651 450000100060000000300080000600500170001400800390003103500190007003500180008904000270010704100080013408200260014210000340016824500610020226000430026330000320030650400200033865000250035865000190038365000300040294200120043299900170044495201410046111351BD-RjUL20211208235117.0140126s1963 at o 001 0 eng a(BD-RjUL)11400 a(OCoLC)896780 aDLCcPPidBD-RjULbeng aeng04bSTS 1963219a591.9871 aStead, David G.d1877-93509410aSharks and rays of Australian seas /cDavid George Stead aSydney :bAngus and Robertson,cc1963. ax, 211 p. :bill. ;c24 cm. aIncludes index. 0aRays (Fishes)935095 0aSharks.935096 0aFisheszAustralia.935097 2ddccBK c11351d11351 00102ddc40718NFICaRUCLbRUCLcReadingd1973-09-15eGov. of Australial0o591.987 STS 1963r2014-01-26 00:00:00tC-1w2021-12-08yBK